كتاب المحتضرين

Bibliographic Details
Main Authors: ابن ابي الدنيا، عبد الله بن محمد , 823-894 (Author), يوسف، محمد خير رمضان (Author)
Format: Book
Published: Bayrut : Dar Ibn Hazm , 1997
Subjects:

MARC

LEADER 00000cam a2200000 7i4500
001 0000041713
005 20161219093000.0
090 0 0 |a BP166.815   |b .I22 1997 
100 0 |a ابن ابي الدنيا، عبد الله بن محمد ,   |d 823-894 ,   |e author 
245 1 0 |a كتاب المحتضرين   |c ابي بكر عبد الله بن محمد ابن ابي الدنيا   |f تحقيق محمد خير رمضان يوسف 
260 2 |a Bayrut :   |b Dar Ibn Hazm ,   |c 1997 
300 |a 336 p. ;   |c 25 cm. 
504 |a Includes bibliographical references (p. 317-323) and indexes 
650 0 |a Death   |x Religious aspects   |x Islam   |v Early works to 1800 
650 0 |a Future life   |x Islam   |x Early works to 1800 
700 1 |a يوسف، محمد خير رمضان ,   |e author 
745 0 0 |a Kitab al-muhtadarin 
999 |a 1000080818   |b Book   |c OPEN SHELF (30 DAYS)   |e Gong Badak Campus